LEADER 01297nas 2200409- 450 001 996423740103316 005 20230127213019.0 011 $a2754-0073 035 $a(DE-599)ZDB3074102-6 035 $a(OCoLC)1260324404 035 $a(CKB)4100000011960697 035 $a(CONSER)--2022225522 035 $a(EXLCZ)994100000011960697 100 $a20210709a20109999 s-- - 101 0 $aeng 135 $aur|n||||||||| 181 $ctxt$2rdacontent 182 $cc$2rdamedia 183 $acr$2rdacarrier 200 00$aMedia education research journal 210 1$aLeighton Buzzard :$cAuteur Publishing 210 31$a[Bournemouth] :$cBournemouth University 215 $a1 online resource 300 $aRefereed/Peer-reviewed 300 $aTitle from content provider. 517 1 $aMERJ 606 $aMass media$xStudy and teaching$vPeriodicals 606 $aMédias$xÉtude et enseignement$vPériodiques 606 $aMass media$xStudy and teaching$2fast$3(OCoLC)fst01011313 608 $aPeriodicals.$2fast 615 0$aMass media$xStudy and teaching 615 6$aMédias$xÉtude et enseignement 615 7$aMass media$xStudy and teaching. 906 $aJOURNAL 912 $a996423740103316 996 $aMedia Education Research Journal$92838519 997 $aUNISA LEADER 00801cam0-2200265 --450 001 9910887499803321 005 20240923120645.0 010 $a3150080029 100 $a20240923d1984----kmuy0itay5050 ba 101 0 $ager 102 $aDE 105 $ay 001yy 200 1 $a<>Marquise von O...$aDas Erdbeben in Chili$eErzählungen$fHeinrich von Kleist$gNachwort von Christian Wagenknecht 210 $aStuttgart$aReclam$d1984 215 $a79 p.$d15 cm 225 1 $aUniversal Bibliothek$v8002 700 1$aKleist,$bHeinrich : von$086899 801 0$aIT$bUNINA$gREICAT$2UNIMARC 901 $aBK 912 $a9910887499803321 952 $aFondo Mango 178$b277/2024$fFSPBC 959 $aFSPBC 996 $aMarquise von O$917697 996 $aDas Erdbeben in Chili$94239203 997 $aUNINA LEADER 01516nas 2200469-a 450 001 9910874801303321 005 20260218110400.0 035 $a(CKB)991042745744026 035 $a(CONSER)sn-85008038- 035 $a(DE-599)ZDB2086128-X 035 $a(MiFhGG)1ZZU 035 $a(DE-599)2086128-X 035 $a(EXLCZ)99991042745744026 100 $a19810602a19769999 --- b 101 0 $aspa 181 $ctxt$2rdacontent 182 $cc$2rdamedia 183 $acr$2rdacarrier 200 00$aActa médica colombiana $eAMC : órgano de la Asociación Colombiana de Medicina Interna 210 $a[Bogotá] $cAsociación Colombiana de Medicina Interna 215 $a1 online resource 311 08$aPrint version: Acta médica colombiana : 0120-2448 (DLC)sn 85008038 (OCoLC)7470722 517 3 $aAMC 531 $aACTA MED COLOMB 531 0 $aAMC, Acta méd. Colomb. 606 $aInternal medicine$zColombia$vPeriodicals 606 $aInternal medicine$vPeriodicals 606 $aInternal medicine$2fast$3(OCoLC)fst00976610 606 $aInternal Medicine 607 $aColombia$2fast 608 $aPeriodicals.$2fast 608 $aPeriodical. 615 0$aInternal medicine 615 0$aInternal medicine 615 7$aInternal medicine. 615 2$aInternal Medicine. 712 02$aAsociacio?n Colombiana de Medicina Interna. 906 $aJOURNAL 912 $a9910874801303321 920 $aexl_impl conversion 996 $aActa médica colombiana$92045250 997 $aUNINA